| 000 | 01046nam0a22002651 4500 | ||
|---|---|---|---|
| 001 | rc\2172222 | ||
| 005 | 20260407094153.0 | ||
| 035 | _a(NLR Aleph) 006435171 | ||
| 090 |
_a5586093 _c5586093 |
||
| 100 | _a20091110d1978 |||y0rusy50 ca | ||
| 101 | 0 | _arus | |
| 102 | _aRU | ||
| 105 | _aa b ||||| | ||
| 200 | 1 |
_aПо материалам диссертаций: работы аспирантов и соискателей _e[Сб. статей] |
|
| 210 |
_aЦелиноград _cВНИИЗХ _d1978 |
||
| 215 |
_a44 с. _cил. _d20 |
||
| 225 | 1 |
_aНаучно-технический бюллетень _fВАСХНИЛ, ВНИИ зерн. хоз-ва _vВып. 17 |
|
| 300 | _aВ надзаг. также: МСХ СССР | ||
| 320 | _aБиблиогр. в конце статей | ||
| 710 | 0 | 2 |
_aВНИИ зернового хозяйства _cст. Шортанды, Целиногр. обл. _9332587 _3RU\NLR\AUTH\889918232 |
| 801 | 1 |
_aRU _bELAR _2rusmarc |
|
| 801 | 0 |
_aRU _bNLR _gpsbo |
|
| 852 |
_aNLR _jП13/1536 |
||
| 942 | _cBOOK | ||
| 980 | _aNB | ||